000 00257nam a2200097Ia 4500
001 641999
005 20250826153518.0
008 250824s9999 xx 000 0 und d
245 0 _aANLATMAK İÇİN YAŞAMAK/E3
_cGABRIEL GARCIA MARQUEZ
260 _bCAN YAYINLARI
999 _c641999
_d641999